01160nam a22002777a 4500001001000000003000900010005001700019007000300036008003400039040005400073041001000127072000800137090001800145110004500163110004800208111009000256245011000346246012700456260005900583300001100642650001900653909003600672942000700708999001700715952015000732BR8801692BR-BrBNA20230928092858.0ta230509b bl.||||| |||| 00| 0 por d aBR-BrBNAbporcBiblioteca Nacional de Agricultura a(Por) aP10  P10 BR88016921 aFundacao Cargill, Campinas, SP (Brasil);1 aInstituto Agronomico, Campinas, SP (Brasil)1 aSimposio sobre o Manejo de Agua na AgriculturacCampinas, SP (Brazil)d17-19 Mar 19871 aSimposio sobre o Manejo de Agua na Agricultura. Homenagem aos 100 anos do Instituto Agronomico CPA/SAA/SP1 a[Reunion about water management in the Agriculture. Allegiance to the 100th years of the Agronomical Institute CPA/SAA/SP]3 aCampinas, SP (Brasil): bGlauco Pinto Viegas, c1987.  a226 p. aMANEJO DE AGUA a202309bLuciac55dLucia Elande cBK c41734d41734 002AGRIS40708AGROBASEa41918b41918l0o P10 BR8801692pP10 BR8801692r2023-09-25t01yBK10d2023-09-25ePortaria Interministerial nÂș 164/94